00496 2200205 4500001002100000008004100021035002000062245005100082100002300133250000600156260003300162300001100195084001400206082000800220650001400228990001200242990001200254990001200266990001200278INLIS000000000000504 ind  a0010-0424000480 aSajian Salad Khas IndonesiacMadya Natun Nurul aNatun Nurul, Madya a1 aKlaten :bIntan Sejatic2013 a76 hlm a600 MAD s a600 aNon Fiksi a0722036 a0722037 a0722038 a0722039